[Event "Europe Echecs Blitz Nov op"]
[Site "Europe Echecs INT"]
[Date "2020.11.08"]
[Round "10"]
[White "Beaufume, Pierre Alain"]
[Black "Partac, Elena"]
[Result "0-1"]
[WhiteElo "1758"]
[BlackElo "2079"]
[PlyCount "68"]
[EventDate "2020.11.08"]
[EventType "swiss (blitz)"]
[EventRounds "11"]
[EventCountry "FRA"]
[SourceTitle "CBM 199 Extra"]
[Source "ChessBase"]
[SourceDate "2021.01.31"]
[SourceVersion "1"]
[SourceVersionDate "2021.01.31"]
[SourceQuality "1"]

1. e4 c5 2. Nf3 e6 3. d4 cxd4 4. Nxd4 Nf6 5. Nc3 Nc6 6. Be3 Bb4 7. f3 d5 8. Nxc6 bxc6 9. e5 Nd7 10. f4 c5 11. a3 Ba5 12. Bd2 Bb7 13. Bb5 d4 14. Ne4 Bxe4 15. Bxd7+ Kxd7 16. Bxa5 Qxa5+ 17. b4 cxb4 18. axb4 Qxb4+ 19. Kf2 Qc3 20. Ra6 Qe3+ 21. Kf1 Qxf4+ 22. Kg1 Qe3+ 23. Kf1 Qf4+ 24. Kg1 Qxe5 25. c3 Bd5 26. Qa4+ Ke7 27. Qb4+ Kf6 28. cxd4 Qe3+ 29. Kf1 Rhc8 30. Ra1 Bc4+ 31. Qxc4 Rxc4 32. Re1 Qf4+ 33. Kg1 Rc2 34. g3 Qf2# 0-1

[Event "Europe Echecs Blitz Nov op"]
[Site "Europe Echecs INT"]
[Date "2020.11.08"]
[Round "9"]
[White "Penet, Eric"]
[Black "Beaufume, Pierre Alain"]
[Result "0-1"]
[WhiteElo "1274"]
[BlackElo "1758"]
[PlyCount "82"]
[EventDate "2020.11.08"]
[EventType "swiss (blitz)"]
[EventRounds "11"]
[EventCountry "FRA"]
[SourceTitle "CBM 199 Extra"]
[Source "ChessBase"]
[SourceDate "2021.01.31"]
[SourceVersion "1"]
[SourceVersionDate "2021.01.31"]
[SourceQuality "1"]

1. e4 c5 2. Nf3 Nc6 3. d4 cxd4 4. Nxd4 e5 5. Nb3 Nf6 6. Bg5 Be7 7. f3 0-0 8. Nc3 Nxe4 9. Bxe7 Nxc3 10. Bxd8 Nxd1 11. Rxd1 Rxd8 12. Bc4 d6 13. Kf2 Bf5 14. c3 Rac8 15. g4 Be6 16. Bxe6 fxe6 17. h4 b6 18. Ke3 d5 19. f4 exf4+ 20. Kf3 e5 21. Rhe1 Rc7 22. a4 h6 23. h5 Rf7 24. Nd2 e4+ 25. Kg2 Ne5 26. Nf1 Nxg4 27. Kh3 Nf2+ 28. Kg2 Nxd1 29. Rxd1 Rdd7 30. Nh2 Rf5 31. Rf1 Rdf7 32. Kf2 Rxh5 33. Ng4 Rg5 34. Nh2 e3+ 35. Kf3 Rg3+ 36. Ke2 Rg2+ 37. Kf3 Rxh2 38. Kg4 h5+ 39. Kg5 Rg2+ 40. Kxh5 Rf6 41. Kh4 Rh6# 0-1

[Event "Europe Echecs online op April"]
[Site "Europe Echecs INT"]
[Date "2020.04.11"]
[Round "7"]
[White "Beaufume, Pierre Alain"]
[Black "Davout Daverstaedt, Geoffroy"]
[Result "0-1"]
[WhiteElo "1740"]
[BlackElo "2060"]
[PlyCount "106"]
[EventDate "2020.04.11"]
[EventType "swiss (blitz)"]
[EventRounds "11"]
[EventCountry "FRA"]
[SourceTitle "EXT 2021"]
[Source "ChessBase"]
[SourceDate "2020.10.23"]
[SourceVersion "1"]
[SourceVersionDate "2020.10.23"]
[SourceQuality "1"]

1. e4 c6 2. Nf3 d5 3. Nc3 Bg4 4. h3 Bxf3 5. Qxf3 e6 6. exd5 cxd5 7. d4 Nf6 8. Bg5 Be7 9. Bb5+ Nc6 10. 0-0 0-0 11. Rfe1 Nxd4 12. Qd3 Nxb5 13. Qxb5 b6 14. Rad1 Qe8 15. Qd3 h6 16. Bh4 Qc6 17. f4 Rfe8 18. Ne2 Bc5+ 19. Kh1 Ne4 20. Nd4 Bxd4 21. Qxd4 Qc5 22. c3 Qxd4 23. Rxd4 Nd6 24. g4 Ne4 25. g5 h5 26. Kg2 g6 27. Re2 Rac8 28. Kf3 Nd6 29. Be1 Nf5 30. Rd3 a6 31. a3 b5 32. Bf2 Rc4 33. Bd4 Nxd4+ 34. Rxd4 Rxd4 35. cxd4 Rc8 36. Ke3 Kf8 37. Kd3 Ke7 38. h4 Kd6 39. Rd2 a5 40. Re2 Rc4 41. Rd2 b4 42. axb4 axb4 43. Rc2 Rxc2 44. Kxc2 Kc6 45. Kb3 Kb5 46. Kc2 Kc4 47. Kd2 Kxd4 48. Kc2 Kc4 49. b3+ Kd4 50. Kd2 Ke4 51. Ke2 Kxf4 52. Kd3 e5 53. Ke2 e4 0-1

[Event "Europe Echecs online op April"]
[Site "Europe Echecs INT"]
[Date "2020.04.11"]
[Round "10"]
[White "Ortiz Sanchez, Luis"]
[Black "Beaufume, Pierre Alain"]
[Result "0-1"]
[WhiteElo "1899"]
[BlackElo "1740"]
[PlyCount "42"]
[EventDate "2020.04.11"]
[EventType "swiss (blitz)"]
[EventRounds "11"]
[EventCountry "FRA"]
[SourceTitle "EXT 2021"]
[Source "ChessBase"]
[SourceDate "2020.10.23"]
[SourceVersion "1"]
[SourceVersionDate "2020.10.23"]
[SourceQuality "1"]

1. e4 c5 2. Nc3 Nc6 3. a3 d6 4. Bc4 e5 5. d3 Be6 6. f4 exf4 7. Bxf4 Bxc4 8. dxc4 Qf6 9. Nge2 0-0-0 10. 0-0 Nh6 11. Nd5 Qe6 12. Nec3 Ng4 13. b4 g6 14. bxc5 dxc5 15. Rb1 Bg7 16. Nb5 Bd4+ 17. Kh1 Nge5 18. c3 a6 19. cxd4 Nxc4 20. Qb3 N6a5 21. Na7+ Kd7 0-1